000 00740nam a22002537a 4500
003 UA-OsUOA
001 27693
007 ta
008 20040910b un ||||| |||| 00| 0 ukr d
090 _a82(477)(075.3)
_bУ45
942 _cBK
040 _aUA-OsUOA
_bukr
_cUA-OsUOA
_dUA-OsUOA
245 _aУкраїнська література
_bХрестоматія нововведених творів за програмою 2002 року
_cУпорядник Р. В.Мовчан
_n(9-11 класи)
300 _a576 с.
955 _a0
041 _aukr
080 _a82(477)(075.3)
020 _a966-504-375-7
260 _aКиїв
_bГенеза
_c2003
246 3 1 _aЧ.3
_n
044 _aUA
650 7 _2UDC
999 _c314043
_d314043